OPEL - Statystyki

Ogólne statystyki
  • Ten quiz został rozwiązany 72 razy
  • Średni wynik to 13 z 30
Statystyki odpowiedzi
Odpowiedź % Poprawnych
astra
98%
corsa
86%
insignia
83%
vectra
83%
zafira
78%
kadett
67%
omega
67%
adam
64%
meriva
59%
mokka
59%
vivaro
52%
grandland
48%
calibra
43%
movano
41%
combo
36%
crossland
34%
agila
31%
frontera
31%
manta
31%
senator
31%
tigra
29%
ampera
28%
karl
28%
monza
24%
ascona
22%
GT
21%
antara
17%
cascada
17%
rekord
16%
monterey
14%
Nie znaleziono quizów pasujących do podanych kryteriów
Rozkład punktacji
Procent ludzi z każdym wynikiem
Percentyl według liczby udzielonych odpowiedzi
Twoja historia wyników
Nie rozwiązałeś tego quizu